[Event "X Festival A"]
[Site "Campobasso ITA"]
[Date "2003.07.11"]
[Round "2"]
[White "Di Martino, Antonio"]
[Black "Mihalinec, Damir"]
[Result "0-1"]
[WhiteElo "1728"]
[BlackElo "2207"]
[PlyCount "74"]
[EventDate "2003.07.11"]

1. e4 c5 2. Nf3 d6 3. d4 cxd4 4. Nxd4 Nf6 5. Nc3 g6 6. Be3 Bg7 7. f3 Nc6 8. Qd2
h5 9. O-O-O Bd7 10. Kb1 a6 11. h3 b5 12. Be2 h4 13. Rde1 Nh5 14. Nxc6 Bxc6 15.
Bd4 Bxd4 16. Qxd4 e5 17. Qf2 Nf4 18. Rd1 b4 19. Nd5 Bxd5 20. exd5 Qc7 21. Rd2
Qb7 22. Bc4 Ke7 23. Rc1 a5 24. c3 Rac8 25. Qf1 Rc5 26. b3 Rb8 27. Qe1 Rxc4 28.
Qxh4+ Kd7 29. g3 bxc3 30. Rdc2 Qxd5 31. gxf4 Rxf4 32. Qe1 Rxb3+ 33. Ka1 Ra4 34.
Rd1 Rb2 35. Rxb2 cxb2+ 36. Kxb2 Qxa2+ 37. Kc3 Ra3# 0-1

[Event "X Festival A"]
[Site "Campobasso ITA"]
[Date "2003.07.11"]
[Round "2"]
[White "Ferri, Stefano"]
[Black "Fioravanti, Emidio"]
[Result "0-1"]
[WhiteElo "2069"]
[BlackElo "1813"]
[PlyCount "102"]
[EventDate "2003.07.11"]

1. c4 e5 2. Nc3 Nf6 3. Nf3 Nc6 4. g3 Bc5 5. Bg2 a6 6. O-O O-O 7. d3 Re8 8. Bg5
d6 9. Nd5 Be6 10. Nd2 Bxd5 11. cxd5 Ne7 12. Qb3 b6 13. a3 h6 14. Bxf6 gxf6 15.
Qc4 Kh7 16. b4 b5 17. Qc2 Bb6 18. a4 f5 19. a5 Ba7 20. Rac1 Rc8 21. Bh3 c5 22.
dxc6 Rxc6 23. Qb3 d5 24. Bxf5+ Nxf5 25. Rxc6 Nd4 26. Rxh6+ Kxh6 27. Qd1 Qg5 28.
e3 Nc6 29. Qf3 Nxb4 30. Qxf7 Re7 31. Qf8+ Qg7 32. Qc8 Nxd3 33. Nf3 Rd7 34. Nh4
Kh7 35. Qxa6 Rf7 36. Qxb5 Nxf2 37. Qxd5 Bxe3 38. Kg2 Rd7 39. Qf3 Qg5 40. Rb1 e4
41. Qf8 Ng4 42. Kh3 Qf6 43. Qe8 Nf2+ 44. Kg2 Qf7 45. Qc8 Ng4 46. Rb8 Rd2+ 47.
Kh3 Rxh2+ 48. Kxg4 Qg7+ 49. Kf5 Rf2+ 50. Ke6 Qf7+ 51. Ke5 Qf6+ 0-1

[Event "X Festival A"]
[Site "Campobasso ITA"]
[Date "2003.07.11"]
[Round "2"]
[White "Fioravanti, Diego"]
[Black "Fiore, Tommaso"]
[Result "1-0"]
[WhiteElo "1912"]
[BlackElo "1747"]
[PlyCount "95"]
[EventDate "2003.07.11"]

1. d4 Nf6 2. c4 g6 3. Nc3 d5 4. Nf3 Bg7 5. Bg5 Ne4 6. cxd5 Nxg5 7. Nxg5 e6 8.
Nf3 exd5 9. e3 O-O 10. b4 c6 11. Bd3 Bg4 12. h3 Be6 13. O-O Nd7 14. Na4 b5 15.
Nc5 Nxc5 16. bxc5 a5 17. Qc2 f5 18. Nd2 Qe7 19. f4 Bc8 20. Rae1 Kh8 21. Nf3 Ba6
22. Qe2 Qb7 23. Ne5 Bxe5 24. fxe5 b4 25. Bxa6 Qxa6 26. Qxa6 Rxa6 27. g4 Kg7 28.
gxf5 Rxf5 29. Rb1 Ra7 30. Rxf5 gxf5 31. a3 Rb7 32. axb4 Rxb4 33. Ra1 a4 34. Kf2
Kg6 35. Kf3 Kf7 36. Kf4 Ke6 37. Kg5 h6+ 38. Kxh6 f4 39. exf4 Kf5 40. Rf1 a3 41.
e6 a2 42. Ra1 Rxd4 43. Rxa2 Kxe6 44. Kg5 Rc4 45. f5+ Ke7 46. Ra7+ Ke8 47. Kf6
Rxc5 48. Ke6 1-0

[Event "X Festival A"]
[Site "Campobasso ITA"]
[Date "2003.07.11"]
[Round "2"]
[White "Gagliardi, Pietro"]
[Black "Di Lascio, Savino"]
[Result "1/2-1/2"]
[WhiteElo "2194"]
[BlackElo "2117"]
[PlyCount "84"]
[EventDate "2003.07.11"]

1. e4 c6 2. d4 d5 3. exd5 cxd5 4. Bd3 Nc6 5. c3 g6 6. h3 Bg7 7. Nf3 Nh6 8. O-O
O-O 9. b4 f6 10. b5 Na5 11. Bf4 Nf7 12. Re1 Re8 13. Bg3 Kh8 14. Nbd2 e5 15. Bc2
e4 16. Nh2 f5 17. Bb3 Bh6 18. f4 Be6 19. Ndf1 Qc7 20. Qd2 Rac8 21. Rac1 Nd6 22.
Qf2 Bg7 23. Ne3 Nxb3 24. axb3 Nxb5 25. c4 dxc4 26. d5 Bd7 27. bxc4 Nd4 28. Qa2
a5 29. Nhf1 a4 30. Nd2 Bh6 31. c5 Qa5 32. Ndc4 Qxc5 33. Ne5 Qxc1 34. Rxc1 Rxc1+
35. Kh2 Rxe5 36. Qb2 Nb3 37. fxe5 Bxe3 38. e6+ Kg8 39. Be5 f4 40. exd7 Bg1+ 41.
Kh1 Bb6+ 42. Kh2 Bg1+ 1/2-1/2

[Event "X Festival A"]
[Site "Campobasso ITA"]
[Date "2003.07.11"]
[Round "2"]
[White "Grasso, Nino"]
[Black "Ficco, Corrado"]
[Result "0-1"]
[WhiteElo "1804"]
[BlackElo "2098"]
[PlyCount "82"]
[EventDate "2003.07.11"]

1. e4 c5 2. c3 e6 3. d4 d5 4. e5 Nc6 5. Nf3 Qb6 6. Be2 cxd4 7. cxd4 Nh6 8. Nc3
Nf5 9. Na4 Qa5+ 10. Nc3 Bb4 11. Qd3 Bd7 12. O-O O-O 13. g4 Nfe7 14. Ng5 Ng6 15.
h4 f6 16. Nxh7 Kxh7 17. h5 Be8 18. Kg2 Nce7 19. hxg6+ Bxg6 20. Qh3+ Kg8 21.
exf6 Rxf6 22. Rh1 Raf8 23. Rf1 Bxc3 24. Qxc3 Qb6 25. Bg5 R6f7 26. Bxe7 Rxe7 27.
Qc5 Qxc5 28. dxc5 e5 29. b4 Rf4 30. b5 Rc7 31. Rac1 Ra4 32. b6 axb6 33. cxb6
Rxc1 34. Rxc1 Rxa2 35. Rc8+ Kh7 36. Bd1 Rb2 37. Rc7 Rxb6 38. Kg3 Rb5 39. Rd7 e4
40. f4 Rb1 41. Ba4 Rb4 0-1

[Event "X Festival A"]
[Site "Campobasso ITA"]
[Date "2003.07.11"]
[Round "2"]
[White "Grimaldi, Pasquale"]
[Black "Benincasa, Marco"]
[Result "0-1"]
[WhiteElo "1723"]
[BlackElo "1989"]
[PlyCount "48"]
[EventDate "2003.07.11"]

1. Nf3 c5 2. b3 Nf6 3. Bb2 d5 4. g3 Nc6 5. Bg2 Bg4 6. O-O Qd7 7. d3 Bh3 8. Nbd2
Bxg2 9. Kxg2 h5 10. Bxf6 gxf6 11. e4 Bg7 12. Rb1 f5 13. exd5 Qxd5 14. Kg1 Bf6
15. h4 O-O-O 16. Nc4 Rdg8 17. Ne3 Qd7 18. Ng2 e5 19. Kh2 f4 20. Nd2 Rg4 21. Qe1
Rhg8 22. Nc4 Bxh4 23. Nxh4 Rxh4+ 24. gxh4 Qg4 0-1

[Event "X Festival A"]
[Site "Campobasso ITA"]
[Date "2003.07.11"]
[Round "2"]
[White "Lettieri, Biagio"]
[Black "Bighiu, Gheorghe"]
[Result "1-0"]
[WhiteElo "1819"]
[BlackElo "2126"]
[PlyCount "127"]
[EventDate "2003.07.11"]

1. e4 e5 2. Nf3 Nf6 3. Nxe5 d6 4. Nf3 Nxe4 5. d4 d5 6. Bd3 Nc6 7. O-O Bg4 8.
Re1 f5 9. c3 Qf6 10. Nbd2 O-O-O 11. Qc2 Bd6 12. b4 Rhe8 13. Bb2 Qh6 14. g3 Qh5
15. b5 Na5 16. Ne5 Bxe5 17. dxe5 Rxe5 18. c4 Nxd2 19. Qxd2 Rxe1+ 20. Qxe1 Nxc4
21. Bxg7 Re8 22. Qc3 Qg5 23. Bd4 Qd2 24. Rc1 Qxc3 25. Bxc3 Ne5 26. Bc2 d4 27.
Bb4 d3 28. Bd1 Nf3+ 29. Bxf3 Bxf3 30. Re1 Rd8 31. Bd2 Be2 32. f3 Rd4 33. Kf2
Kd7 34. a3 Ke6 35. Ke3 Rd5 36. Rc1 Kd7 37. a4 c5 38. bxc6+ bxc6 39. Rc4 Re5+
40. Kf4 Rd5 41. h3 c5 42. g4 fxg4 43. hxg4 Kd6 44. Re4 Bd1 45. Ke3 Re5 46. a5
a6 47. Kf4 Rd5 48. Re1 Be2 49. Rh1 Rd4+ 50. Ke3 Rd5 51. Rh6+ Kc7 52. Rxh7+ Rd7
53. Rh6 Re7+ 54. Kf2 Bd1 55. Bf4+ Kb7 56. Rb6+ Ka7 57. Be3 Rc7 58. g5 Ba4 59.
g6 Be8 60. Re6 Bb5 61. f4 Kb7 62. f5 c4 63. f6 c3 64. g7 1-0

[Event "X Festival A"]
[Site "Campobasso ITA"]
[Date "2003.07.11"]
[Round "2"]
[White "Passerotti, Pierluigi"]
[Black "Farina, Saverio"]
[Result "1/2-1/2"]
[WhiteElo "2287"]
[BlackElo "2123"]
[PlyCount "85"]
[EventDate "2003.07.11"]

1. d4 d5 2. c4 e6 3. Nc3 c5 4. cxd5 exd5 5. Nf3 Nc6 6. g3 Nf6 7. Bg2 Be7 8. O-O
O-O 9. dxc5 Bxc5 10. Bg5 Be6 11. Rc1 Be7 12. Nd4 h6 13. Bf4 Qd7 14. Qa4 Bh3 15.
Rfd1 Bxg2 16. Kxg2 Rfe8 17. Qb5 Rad8 18. Qd3 Nxd4 19. Qxd4 b6 20. b4 Bd6 21.
Bxd6 Qxd6 22. a3 Qe6 23. Rd3 Qf5 24. f3 Rc8 25. Re3 Qg5 26. Rxe8+ Rxe8 27. Rd1
Qf5 28. Rd2 Qg5 29. Kf2 Qf5 30. Kg2 Qh5 31. Rd3 Qg5 32. Qf4 Qg6 33. Qd2 Qh5 34.
Nxd5 Nxd5 35. Rxd5 Rxe2+ 36. Qxe2 Qxd5 37. h4 g6 38. g4 Qd4 39. Qc2 Qf6 40. Kg3
Qe5+ 41. Kg2 Qf6 42. Kg3 Qe5+ 43. Kg2 1/2-1/2

[Event "X Festival A"]
[Site "Campobasso ITA"]
[Date "2003.07.11"]
[Round "2"]
[White "Pizzuto, Samuele Tullio"]
[Black "Gonzini, Gianmaria"]
[Result "1-0"]
[WhiteElo "2136"]
[BlackElo "1726"]
[PlyCount "85"]
[EventDate "2003.07.11"]

1. e4 d5 2. Nc3 d4 3. Nce2 e5 4. Nf3 f6 5. Ng3 Be6 6. Bb5+ c6 7. Bd3 Nd7 8. O-O
Bd6 9. c3 c5 10. Qe2 g6 11. b4 b6 12. Bc4 Qe7 13. Rb1 dxc3 14. dxc3 h5 15. Rd1
Bc7 16. Nf1 Qf7 17. Bb5 cxb4 18. cxb4 Kf8 19. Qc2 Nb8 20. Ne3 a6 21. Bc4 Bxc4
22. Nxc4 Ra7 23. Be3 Qe6 24. a4 Rb7 25. a5 b5 26. Bc5+ Ne7 27. Ne3 Kg7 28. Bxe7
Qxe7 29. Nd5 Qf7 30. Rbc1 Kh7 31. Qxc7 Rxc7 32. Rxc7 Qxc7 33. Nxc7 Rc8 34. Nd5
Kg7 35. Ne1 Rc4 36. f3 Nc6 37. Nd3 Nd4 38. Nc5 f5 39. Nxa6 fxe4 40. fxe4 Rc2
41. Nc5 g5 42. Nd3 h4 43. Nxe5 1-0

[Event "X Festival A"]
[Site "Campobasso ITA"]
[Date "2003.07.11"]
[Round "2"]
[White "Rossi, Aldo A."]
[Black "Di Carlo, Pasquale"]
[Result "1/2-1/2"]
[WhiteElo "1839"]
[BlackElo "1714"]
[PlyCount "76"]
[EventDate "2003.07.11"]

1. d4 d5 2. e3 Nf6 3. Bd3 c6 4. Nd2 Nbd7 5. f4 e6 6. Ngf3 c5 7. c3 Rb8 8. O-O
b5 9. Ne5 Qc7 10. a3 c4 11. Bc2 a5 12. Ndf3 h6 13. Bd2 Be7 14. Be1 Ne4 15. Nxd7
Bxd7 16. Ne5 O-O 17. Qf3 Bc6 18. Qh3 Ba8 19. Rf3 Bf6 20. Ng4 Rfc8 21. Bxe4 dxe4
22. Nxf6+ Kf8 23. Rg3 gxf6 24. Rg4 Ke7 25. Rh4 Rh8 26. Rxh6 Rxh6 27. Qxh6 Qd8
28. Bh4 Qh8 29. Qxh8 Rxh8 30. Be1 f5 31. Bd2 f6 32. Rf1 Bc6 33. Rb1 a4 34. Be1
Be8 35. h4 Bh5 36. Kf2 Bg4 37. g3 Kd6 38. Rc1 Rh7 1/2-1/2

[Event "X Festival A"]
[Site "Campobasso ITA"]
[Date "2003.07.11"]
[Round "2"]
[White "Russi, Roberto"]
[Black "Pinto, Gaetano"]
[Result "1-0"]
[WhiteElo "2125"]
[BlackElo "1735"]
[PlyCount "119"]
[EventDate "2003.07.11"]

1. c4 c6 2. Nc3 d5 3. d4 Nf6 4. Nf3 e6 5. e3 Nbd7 6. Be2 b6 7. O-O Bb7 8. cxd5
exd5 9. Qc2 Be7 10. a3 Qc7 11. b4 O-O 12. Bb2 Rfd8 13. Rac1 Rac8 14. Rfd1 c5
15. dxc5 bxc5 16. bxc5 Nxc5 17. Nb5 Qb8 18. Be5 Qa8 19. Nc7 Rxc7 20. Bxc7 Rc8
21. Be5 Ncd7 22. Qf5 Nxe5 23. Qxe5 Bxa3 24. Rb1 Bc5 25. Nd4 Re8 26. Qf5 Ne4 27.
Rbc1 g6 28. Qd7 Rd8 29. Qh3 Bb6 30. Qh6 Nd6 31. g4 Rd7 32. h4 Qf8 33. Qf4 Bc7
34. g5 Qe7 35. Rc2 Ne4 36. Qg4 f5 37. gxf6 Qxf6 38. f3 Rf7 39. Rxc7 Rxc7 40.
fxe4 Bc8 41. Qg5 Qxg5+ 42. hxg5 dxe4 43. Nb5 Rc5 44. Rd8+ Kg7 45. Nd6 Rxg5+ 46.
Kf2 Bh3 47. Nxe4 Re5 48. Bf3 Bf5 49. Nd6 h5 50. Ra8 Ra5 51. Nxf5+ gxf5 52. Bxh5
Kf6 53. Kf3 Ra1 54. Be8 Ke5 55. Bd7 Rf1+ 56. Ke2 Ra1 57. Rf8 Ra2+ 58. Kf3 a5
59. Rxf5+ Kd6 60. Bb5 1-0

[Event "X Festival A"]
[Site "Campobasso ITA"]
[Date "2003.07.11"]
[Round "2"]
[White "Shytaj, Carlo"]
[Black "Collutiis, Duilio"]
[Result "0-1"]
[WhiteElo "2150"]
[BlackElo "2409"]
[PlyCount "89"]
[EventDate "2003.07.11"]

1. e4 c5 2. c3 Nf6 3. e5 Nd5 4. d4 cxd4 5. Nf3 e6 6. cxd4 b6 7. Nc3 Nxc3 8.
bxc3 Qc7 9. Bd2 d6 10. Bd3 Nd7 11. O-O dxe5 12. Re1 g6 13. Nxe5 Nxe5 14. Rxe5
Bg7 15. Re3 O-O 16. h4 e5 17. dxe5 Bxe5 18. h5 Bd7 19. Qc2 Rae8 20. Rae1 Bg7
21. c4 Rxe3 22. Rxe3 Bd4 23. Re4 Qc5 24. Bh6 Re8 25. hxg6 hxg6 26. Rxe8+ Bxe8
27. Qe2 Bc6 28. Bf4 Kg7 29. Bg3 Qg5 30. Be4 Bxe4 31. Qxe4 Qc1+ 32. Kh2 Qxc4 33.
Be5+ Bxe5+ 34. Qxe5+ Kh7 35. a3 Qe6 36. Qc7 a6 37. a4 Kg7 38. Qb7 Qc4 39. Qxb6
Qxa4 40. Qd6 Qa1 41. g4 a5 42. f4 Qf6 43. Qd2 Qh4+ 44. Kg2 Qxg4+ 45. Kf2 0-1

[Event "X Festival A"]
[Site "Campobasso ITA"]
[Date "2003.07.11"]
[Round "2"]
[White "Shytaj, Luca"]
[Black "Gerardi, Saverio"]
[Result "1-0"]
[WhiteElo "2336"]
[BlackElo "2138"]
[PlyCount "84"]
[EventDate "2003.07.11"]

1. e4 c5 2. Nf3 Nc6 3. Nc3 e6 4. d4 cxd4 5. Nxd4 a6 6. Be3 Qc7 7. Qd2 Nf6 8. f3
b5 9. g4 b4 10. Na4 Bb7 11. g5 Nh5 12. O-O-O Nxd4 13. Bxd4 Be7 14. Bc5 a5 15.
Bb5 Bc6 16. Bxc6 Qxc6 17. Bxe7 Kxe7 18. b3 Rhc8 19. Kb1 Rc7 20. Rc1 Ra6 21.
Rhd1 Qb5 22. c4 Qe5 23. c5 Qf4 24. Qd3 Raa7 25. Nb6 f5 26. gxf6+ Qxf6 27. Rc4
Nf4 28. Qd2 Ng6 29. Re1 Ne5 30. Nd5+ exd5 31. exd5 Kd8 32. Rce4 Qf5 33. Kb2
Rxc5 34. Rxe5 Qxf3 35. Qd4 Qc3+ 36. Qxc3 bxc3+ 37. Kb1 a4 38. b4 Rc4 39. a3 Rd4
40. Kc2 Rd2+ 41. Kxc3 Rxh2 42. d6 Rh3+ 1-0

[Event "X Festival A"]
[Site "Campobasso ITA"]
[Date "2003.07.11"]
[Round "2"]
[White "Stromboli, Carlo"]
[Black "Vincenzi, Marco"]
[Result "1-0"]
[WhiteElo "1744"]
[BlackElo "2004"]
[PlyCount "63"]
[EventDate "2003.07.11"]

1. e4 e5 2. Nf3 d6 3. d4 Nf6 4. Nc3 Nbd7 5. dxe5 dxe5 6. Bd3 Bb4 7. Bd2 O-O 8.
O-O c6 9. Ne2 Qe7 10. Ng3 Bxd2 11. Qxd2 Nc5 12. Qg5 Nxd3 13. Nh5 Nxh5 14. Qxe7
Ndf4 15. Qxe5 Bg4 16. Nh4 Rae8 17. Qc5 Be2 18. Rfe1 Rxe4 19. Nf5 Rfe8 20. Ng3
R4e5 21. Qxa7 g6 22. Qxb7 R8e6 23. a4 Kg7 24. Qb3 Nf6 25. Nxe2 Nxe2+ 26. Kf1
Ng4 27. f3 Nxh2+ 28. Kf2 Ng4+ 29. fxg4 Rf6+ 30. Qf3 Nd4 31. Rxe5 Nxc2 32. Rc1
1-0

[Event "X Festival A"]
[Site "Campobasso ITA"]
[Date "2003.07.11"]
[Round "2"]
[White "Takac, Zvonko"]
[Black "Georgiev, Krum I."]
[Result "0-1"]
[WhiteElo "2157"]
[BlackElo "2456"]
[PlyCount "78"]
[EventDate "2003.07.11"]

1. d4 Nf6 2. Nf3 g6 3. c4 Bg7 4. Nc3 O-O 5. e4 d6 6. Be2 e5 7. O-O Qe8 8. d5 a5
9. Ne1 Na6 10. Nd3 c6 11. a3 Bd7 12. Be3 cxd5 13. cxd5 b5 14. f3 Nh5 15. b4 a4
16. Rc1 f5 17. Qd2 f4 18. Bf2 g5 19. Rc2 Nf6 20. h3 h5 21. Rfc1 g4 22. hxg4
hxg4 23. fxg4 Bh6 24. Ne1 Kh7 25. Nf3 Nxg4 26. Qd3 Ne3 27. Nxb5 Rg8 28. Bxe3
fxe3 29. Nh4 Qe7 30. Nf5 Bxf5 31. exf5 e4 32. Qd4 Qh4 33. Bd3 Rg4 34. Nxd6 exd3
35. Qxd3 Rd4 36. Qb5 Ra7 37. Qb6 Rg7 38. Qxa6 Rd2 39. Qf1 e2 0-1

[Event "X Festival A"]
[Site "Campobasso ITA"]
[Date "2003.07.11"]
[Round "2"]
[White "Zaja, Ivan"]
[Black "Stromboli, Ettore"]
[Result "1-0"]
[WhiteElo "2430"]
[BlackElo "2155"]
[PlyCount "89"]
[EventDate "2003.07.11"]

1. d4 Nf6 2. c4 e6 3. Nf3 b6 4. g3 Bb7 5. Bg2 Be7 6. O-O O-O 7. Nc3 Ne4 8. Bd2
f5 9. d5 Bf6 10. Rc1 Na6 11. Be1 Qe7 12. Nd4 Nac5 13. Nxe4 Nxe4 14. f3 Nd6 15.
Bb4 a6 16. e4 Bxd4+ 17. Qxd4 e5 18. Qd3 g6 19. exf5 gxf5 20. Rfe1 Qf6 21. c5
bxc5 22. Rxc5 Ne8 23. Ba5 Qd6 24. Qc3 Bxd5 25. Rxe5 Be6 26. f4 Rb8 27. Rcd5 Qe7
28. Rd4 Rf6 29. Rb4 Rxb4 30. Bxb4 Qd8 31. Qd4 Kf7 32. Bf3 Ng7 33. Bc3 Rg6 34.
Ra5 h5 35. Rxa6 h4 36. Ra8 Qe7 37. Kf2 c5 38. Qd1 Rh6 39. Kg2 Kg6 40. Qe2 Ne8
41. Qe5 Nf6 42. a4 Qf7 43. g4 fxg4 44. Qg5+ Kh7 45. Be4+ 1-0

[Event "X Festival A"]
[Site "Campobasso ITA"]
[Date "2003.07.11"]
[Round "2"]
[White "Zelcic, Robert"]
[Black "De Vita, Igor"]
[Result "1-0"]
[WhiteElo "2543"]
[BlackElo "2158"]
[PlyCount "123"]
[EventDate "2003.07.11"]

1. e4 c5 2. Nf3 Nc6 3. d4 cxd4 4. Nxd4 e5 5. Nb5 d6 6. N1c3 a6 7. Na3 Nf6 8.
Bg5 b5 9. Bxf6 gxf6 10. Nd5 f5 11. c3 Bg7 12. exf5 Bxf5 13. Nc2 O-O 14. Nce3
Be6 15. Bd3 f5 16. O-O Ne7 17. Nxe7+ Qxe7 18. Bxf5 Rad8 19. Bxe6+ Qxe6 20. Qd5
Qxd5 21. Nxd5 Rf7 22. Rad1 a5 23. Ne3 e4 24. Rd5 b4 25. cxb4 axb4 26. Rb5 Ra8
27. Nf5 Rxf5 28. Rxf5 Bxb2 29. Rd5 Be5 30. Rb5 Bc3 31. Rd1 Rxa2 32. g3 Bd2 33.
Kf1 Kf7 34. Rd5 e3 35. fxe3 Bxe3 36. Rxd6 Rf2+ 37. Ke1 Rxh2 38. R1d3 Bf2+ 39.
Kf1 Bc5 40. Rc6 Be7 41. Rb6 Rh5 42. Rf3+ Ke8 43. Rb8+ Kd7 44. Rb7+ Ke8 45. Re3
Rf5+ 46. Kg2 Rf7 47. Rxb4 Kf8 48. Rb8+ Kg7 49. Rb7 Bf6 50. Rxf7+ Kxf7 51. Kf3
Kg6 52. Re6 Kf5 53. Re4 h5 54. Rf4+ Ke5 55. Re4+ Kf5 56. Re1 Be5 57. Rh1 Kg5
58. Rh4 Bd6 59. Rd4 Be5 60. Rd5 Kf5 61. Kg2 Ke4 62. Rb5 1-0

[Event "X Festival A"]
[Site "Campobasso ITA"]
[Date "2003.07.11"]
[Round "2"]
[White "Zimina, Olga"]
[Black "Corso, Sergio"]
[Result "1/2-1/2"]
[WhiteElo "2367"]
[BlackElo "2149"]
[PlyCount "50"]
[EventDate "2003.07.11"]

1. e4 c5 2. Nf3 e6 3. c4 Nc6 4. Nc3 e5 5. d3 d6 6. a3 f5 7. g3 Nf6 8. exf5 Bxf5
9. Bg2 Be7 10. O-O O-O 11. h3 Qd7 12. Kh2 Ne8 13. Nd5 Nc7 14. Nxe7+ Qxe7 15.
Be3 Kh8 16. Ng5 h6 17. Ne4 Ne6 18. Rb1 a5 19. Qh5 Rad8 20. Rbd1 Ncd4 21. Nc3
Rf7 22. Nd5 Qf8 23. b4 axb4 24. axb4 Kh7 25. Rd2 cxb4 1/2-1/2

[Event "X Festival A"]
[Site "Campobasso ITA"]
[Date "2003.07.12"]
[Round "3"]
[White "Benincasa, Marco"]
[Black "Shytaj, Carlo"]
[Result "0-1"]
[WhiteElo "1989"]
[BlackElo "2150"]
[PlyCount "118"]
[EventDate "2003.07.11"]

1. e4 d6 2. d4 Nf6 3. Nc3 g6 4. h4 h5 5. Bg5 c6 6. Qd2 b5 7. O-O-O b4 8. Nce2
Nxe4 9. Qe3 Nxg5 10. hxg5 Bg7 11. Nf3 Qa5 12. Kb1 c5 13. Qe4 Qc7 14. Nf4 Qb7
15. Nd5 e6 16. Bb5+ Kf8 17. Bc4 Nd7 18. Rhe1 Nb6 19. Nxb6 Qxe4 20. Rxe4 axb6
21. Rf4 d5 22. Bd3 Ke7 23. Ne5 Bxe5 24. dxe5 Bd7 25. b3 Ra5 26. Kb2 Rha8 27.
Ra1 Bb5 28. Bxb5 Rxb5 29. a4 bxa3+ 30. Rxa3 Rba5 31. Rxa5 Rxa5 32. Rh4 d4 33.
g3 Ra8 34. Kc1 Rd8 35. Kd2 Rd5 36. Re4 Kd7 37. Kd3 Kc6 38. Re1 Rd8 39. Ra1 Kb7
40. Re1 Ra8 41. Re4 Kc6 42. Rf4 Ra7 43. Ke4 Kb5 44. Kd3 Kb4 45. Kd2 Rd7 46. Kd3
b5 47. Rh4 c4+ 48. bxc4 bxc4+ 49. Kd2 Kc5 50. Rh1 Kd5 51. Re1 Ra7 52. Re2 Ra2
53. Kd1 c3 54. Re1 Ra1+ 55. Ke2 Rxe1+ 56. Kxe1 Kxe5 57. Ke2 Ke4 58. f3+ Kd5 59.
Kd3 e5 0-1

[Event "X Festival A"]
[Site "Campobasso ITA"]
[Date "2003.07.12"]
[Round "3"]
[White "Bighiu, Gheorghe"]
[Black "Di Giulio, Massimo"]
[Result "1-0"]
[WhiteElo "2126"]
[BlackElo "1774"]
[PlyCount "83"]
[EventDate "2003.07.11"]

1. h3 g6 2. d4 Nf6 3. Nf3 Bg7 4. e3 O-O 5. Bd3 c5 6. c3 cxd4 7. exd4 Qc7 8. O-O
h6 9. Re1 d6 10. Bf4 Nc6 11. Nbd2 Qb6 12. Qb3 Qxb3 13. axb3 Nd5 14. Bg3 Re8 15.
Bxd6 Bxh3 16. Be5 Bg4 17. Bb5 a6 18. Bxc6 bxc6 19. Bxg7 Kxg7 20. Ne5 Bf5 21.
Nxc6 e6 22. Ne4 Rec8 23. Ne5 f6 24. Nc4 Bxe4 25. Rxe4 Rc6 26. Na5 Rb6 27. Nc4
Rc6 28. Nd2 Kf7 29. g3 a5 30. Ree1 Rca6 31. Ne4 g5 32. Nc5 Rc6 33. b4 a4 34.
Rxa4 Rxa4 35. Nxa4 Ra6 36. Nc5 Ra2 37. Nd3 Nb6 38. Nc5 Rxb2 39. Rxe6 Nd5 40. c4
Nxb4 41. d5 Rc2 42. Ne4 1-0

[Event "X Festival A"]
[Site "Campobasso ITA"]
[Date "2003.07.12"]
[Round "3"]
[White "Collutiis, Duilio"]
[Black "Mihalinec, Damir"]
[Result "1-0"]
[WhiteElo "2409"]
[BlackElo "2207"]
[PlyCount "93"]
[EventDate "2003.07.11"]

1. e4 c5 2. Nf3 d6 3. d4 cxd4 4. Nxd4 Nf6 5. f3 a6 6. c4 g6 7. Nc3 Bg7 8. Be3
h5 9. Be2 Bd7 10. Qd2 Nc6 11. O-O Rc8 12. Nxc6 Bxc6 13. Rab1 O-O 14. Rfd1 Qc7
15. Bf1 Rfe8 16. Qf2 Nd7 17. Rdc1 Qb8 18. Nd5 e6 19. Nb4 Bf8 20. Nxc6 Rxc6 21.
Kh1 Rec8 22. Qd2 Qc7 23. b3 Kh7 24. Rd1 Ne5 25. h3 Be7 26. Be2 Rg8 27. f4 Nd7
28. e5 Rd8 29. Bf3 dxe5 30. Bxc6 Qxc6 31. fxe5 Nxe5 32. Qf2 Qe4 33. Ra1 Bh4 34.
Qg1 Nd3 35. Rd2 f5 36. Rad1 f4 37. Bb6 Rd6 38. Qf1 Rxb6 39. Rxd3 e5 40. Rd7+
Kh6 41. Qf3 Qf5 42. Qd5 e4 43. Qg8 Bf6 44. Qh7+ Kg5 45. R7d5 Be5 46. Qe7+ Bf6
47. Qxe4 1-0

[Event "X Festival A"]
[Site "Campobasso ITA"]
[Date "2003.07.12"]
[Round "3"]
[White "Corso, Sergio"]
[Black "Russi, Roberto"]
[Result "1-0"]
[WhiteElo "2149"]
[BlackElo "2125"]
[PlyCount "93"]
[EventDate "2003.07.11"]

1. d4 d5 2. c4 c6 3. Nf3 Nf6 4. cxd5 cxd5 5. Bf4 e6 6. Nc3 Nc6 7. e3 Qa5 8. Bd3
Bb4 9. Qd2 Bd7 10. O-O O-O 11. Rfc1 a6 12. Qd1 Rfc8 13. a3 Be7 14. b4 Qd8 15.
Na4 Nh5 16. Be5 f6 17. Ng5 g6 18. Nxh7 Nxe5 19. dxe5 f5 20. Nf6+ Nxf6 21. exf6
Bxf6 22. Rab1 Bxa4 23. Qxa4 b5 24. Qb3 Kf7 25. g3 d4 26. exd4 Qxd4 27. Re1 Rc6
28. Bf1 Qc3 29. Bg2 Rac8 30. Bxc6 Rxc6 31. Qxc3 Rxc3 32. Re3 Rc2 33. Rd3 Bb2
34. Rbd1 Rc6 35. Kg2 e5 36. f3 Ke6 37. R1d2 Bc1 38. Ra2 g5 39. Rd8 f4 40. Rg8
Kf6 41. Kh3 Rc3 42. Kg4 fxg3 43. hxg3 Rc4+ 44. Kh5 Rc7 45. Rg6+ Kf7 46. Rxa6
Rc3 47. a4 1-0

[Event "X Festival A"]
[Site "Campobasso ITA"]
[Date "2003.07.12"]
[Round "3"]
[White "De Rosa, Mariagrazia"]
[Black "Di Carlo, Pasquale"]
[Result "1-0"]
[WhiteElo "1828"]
[BlackElo "1714"]
[PlyCount "77"]
[EventDate "2003.07.11"]

1. e4 c5 2. Nf3 Nc6 3. d4 cxd4 4. Nxd4 e6 5. Nb5 d6 6. Bf4 e5 7. Be3 a6 8. N5c3
Nf6 9. Bg5 Be7 10. Bxf6 Bxf6 11. Nd2 b5 12. a4 b4 13. Nd5 Be6 14. Nc4 Be7 15.
Nxe7 Kxe7 16. Ne3 Qc7 17. Qh5 Nd4 18. Qg5+ Kf8 19. Bd3 Qe7 20. Qh5 f6 21. O-O
Qf7 22. Qd1 Ke7 23. f4 Rhc8 24. f5 Bc4 25. Bxc4 Rxc4 26. c3 Nc6 27. Qd5 Rc5 28.
Qd3 Rd8 29. Nd5+ Kf8 30. cxb4 Rxd5 31. Qxd5 Qa7+ 32. Kh1 Nxb4 33. Qc4 a5 34.
Rac1 Rd7 35. Qe6 Qb7 36. Rc3 Na6 37. Rd1 d5 38. Rxd5 Rxd5 39. Rc8+ 1-0

[Event "X Festival A"]
[Site "Campobasso ITA"]
[Date "2003.07.12"]
[Round "3"]
[White "De Vita, Igor"]
[Black "Fioravanti, Diego"]
[Result "1-0"]
[WhiteElo "2158"]
[BlackElo "1912"]
[PlyCount "101"]
[EventDate "2003.07.11"]

1. d4 Nf6 2. c4 g6 3. Nc3 d5 4. Bg5 Ne4 5. Bh4 Nxc3 6. bxc3 Bg7 7. e3 c6 8. Nf3
Qa5 9. Qb3 Nd7 10. Rc1 e6 11. Be2 O-O 12. O-O Re8 13. Rfd1 dxc4 14. Bxc4 b5 15.
Bf1 a6 16. c4 e5 17. cxb5 cxb5 18. Ng5 Rf8 19. Ne4 Qb6 20. Be7 Bb7 21. Nd6 exd4
22. Bxf8 Rxf8 23. Nxb7 Qxb7 24. exd4 Qb6 25. Qd5 Nf6 26. Qf3 Nd7 27. Qc6 Rd8
28. Qxb6 Nxb6 29. Rc6 Rxd4 30. Re1 Nd7 31. Rxa6 b4 32. Ra8+ Bf8 33. Rd8 Rd2 34.
Ree8 Rxa2 35. Rxd7 Kg7 36. Rxf8 Kxf8 37. Rxf7+ Kg8 38. Rf3 Kg7 39. h4 h6 40.
Rb3 Ra4 41. g3 Kf6 42. Bb5 Ra2 43. Rxb4 g5 44. h5 Ra5 45. Be2 Re5 46. Rb6+ Kg7
47. Bc4 g4 48. Rg6+ Kh7 49. Bd3 Re1+ 50. Kg2 Rd1 51. Bf5 1-0

[Event "X Festival A"]
[Site "Campobasso ITA"]
[Date "2003.07.12"]
[Round "3"]
[White "Decataldo, Alba"]
[Black "Della Corte, Alessandro"]
[Result "1-0"]
[WhiteElo "1794"]
[BlackElo "2096"]
[PlyCount "39"]
[EventDate "2003.07.11"]

1. e4 c5 2. c3 Nf6 3. e5 Nd5 4. Nf3 Nc6 5. Bc4 e6 6. d4 cxd4 7. cxd4 d6 8. O-O
Be7 9. a3 O-O 10. Nbd2 Qc7 11. Re1 Bd7 12. Ba2 Rac8 13. Nc4 Na5 14. exd6 Bxd6
15. Nxd6 Qxd6 16. Ne5 Bb5 17. Qh5 Nf6 18. Nxf7 Rxf7 19. Qxb5 Ng4 20. Qh5 1-0